Figures de style - Statistiques

Statistiques générales
  • Ce quiz a été pris 336 fois
  • Le résultat moyen est 9 sur 31
Statistiques - réponses
Définition Nom Exemples % Correct
Répétition de sons voyelles Assonance Il a chanté pendant qu'il était enfermé
74%
Rapprochement d’un comparé et d’un comparant sans outil de comparaison Métaphore La vie est une boite de chocolat
65%
Exagération Hyperbole C'est la plus belle personne que je n'ai jamais vu
64%
Rapprochement d’un comparé et d’un comparant à l’aide d’un mot de comparaison Comparaison La vie est comme une boite de chocolat
63%
Figure de style qui consiste à atténuer une réalité choquante Euphémisme Il s'est éteint
58%
Répétition de sons consonnes Alitération Un canard qui mange un kiwi
53%
Former une expression avec deux termes opposés souvent un nom et un adjectif Oxymore Une nuit blanche, cette obscure clarté, la force tranquille
50%
Faire comprendre le plus en disant le moins Litote Va, je ne te hais point
49%
Forme particulière d’énumération qui consiste à classifier les termes Gradation Va, vol, cours et me mange
47%
Répétition d'un mot ou d'un groupe de mots de vers Anaphore
44%
Association de deux concepts opposés Antithèse Être ou ne pas être telle est la question
40%
Une forme particulière de métaphore. Elle consiste à incarner sous la forme d’un personnage un concept ou une idée Allégorie Tu marches sur des morts, Beauté...
37%
Figure de l’ironie, dire une chose pour faire comprendre le contraire Antiphrase Tu peux vraiment être fier de toi
30%
Former un mot à partir de deux mots Mot-valise Franglais
28%
Croisement syntaxique : Adjectif + Nom + Nom + Adjectif Chiasme Sur la route sinueuse, il conduisait une grosse voiture
25%
Annoncer que l’on ne va pas dire quelque chose pour mieux insister dessus Prétérition J'aurai pu te parler de ma mauvaise humeur mais je ne le ferai pas
22%
Désigner une partie pour parler du tout Synecdoque Son vélo a crevé
22%
Rapprochement d'une phrase dde deux paronymes. Des mots dont le son est voisin Paronomase Ronger et ranger / Claustration, castration
18%
Répétition de fin de vers Epiphore
17%
Faire parler un objet, une plante, un mort, un animal Prosopopée Alors le chien dit "Eh salut, ça va ?"
16%
Enlever le début d'un mot Apocope Adolescent = Ado
15%
Deux structures syntaxiques différentes Parallélisme Il fait froid, il fait nuit, il fait froid. L'hiver est là
15%
Commencer une phrase par la fin de la précédente Anadiplose Il est parti ce matin là. Ce matin là, c'est sa vie qui commença
14%
Décliner une forme verbale ou une famille de mots Polyptote Je t'aimais, je t'aime et je t'aimerai
13%
Association incohérente de concepts opposés Paradoxe Descendre en haut
12%
Enlever la fin d'un mot Aphérèse Hamburger = Burger
10%
Utiliser de façon rapprochée un même mot dans ses différents sens. Utiliser les même mots dans une même phrase mais avec un sens différent Antanaclase Le coeur a ses raisons que la raison ne connaît point
7%
Multiplier dans un énoncé les liens de coordination Polysyndète Ni...Ni...Ni
7%
Accumulation de termes bref Epitrochasme Pleure, tonne, tempête, éclate, hurle, mords
3%
Prêter à un paysage, un objet les sentiments d’un acteur Hypallage Il traversait la forêt triste
3%
Pour la métonymie c’est désigner le tout pour parler de la partie Figure de pensée On va boire un verre
2%
Aucun quiz correspondant
Distribution des résultats
% des personnes avec chaque résultat
Percentile par nombre de réponses
Votre historique - résultats
Vous n’avez pas pris ce quiz